LDR 00842naa#a2200217#i#450# 001 EN\\bibl\112183 005 20260415203002.3 011 ## _a2311-1402 100 ## _a20240625b2024####ek#y0engy0150####ca 101 0# _aRUS 102 ## _aRU 200 1# _aCHANGES IN THE LEAF STRUCTURE AND PIGMENT COMPLEX OF BETULA PENDULA UNDER CONDITIONS OF TECHNOGENIC AIR POLLUTION _eJournal article 210 1# _aNizhnevartovsk _cNizhnevartovsk State University _d2024 215 ## _a10 с. 608 ## _aJournal article _2local 675 ## _aЭкологическая физиология организмов. Реакции организма на изменение факторов среды. 574.24 _zRUS 700 #1 _aBerentseva _gSusanna V 700 #1 _aBorisova _gGalina G 700 #1 _aSobenin _gArtem V 700 #1 _aMaleva _gMaria G 856 4# _afilvestnik.nvsu.ru _u